| 000 | 00539nam a2200181Ia 4500 | ||
|---|---|---|---|
| 999 |
_c29633 _d29633 |
||
| 003 | OSt | ||
| 005 | 20201230152903.0 | ||
| 008 | 190216s9999||||xx |||||||||||||| ||und|| | ||
| 020 | _a9788126402458 | ||
| 040 | _coclc | ||
| 082 |
_a894.8121 _bCHU/B |
||
| 100 |
_aChullikkad, Balachandran _96434 |
||
| 245 | 0 |
_aBalachandran Chullikadinte Kavithakal / _cBalachandran Chullikkad |
|
| 260 |
_bDc Books, _c2010. _aKottayam: |
||
| 300 | _a261p | ||
| 650 | _aKavitha | ||
| 942 |
_cBK _2ddc _h894.8121 _iCHU/B _k894.8121 _mCHU/B |
||